| 000 | 00417nam a2200121Ia 4500 | ||
|---|---|---|---|
| 008 | 210430s9999 xx 000 0 und d | ||
| 020 | _a978-93-392-0538-6 | ||
| 082 | _a658.421 H62E | ||
| 100 | _aRobert D. Hisrich, Mathew J. Manimala, Michael P. Peters, Dean A. SHepherd | ||
| 245 |
_aEnterpreneurship _cRobert D. Hisrich, Mathew J. Manimala, Michael P. Peters, Dean A. SHepherd |
||
| 300 | _a696 | ||
| 942 |
_cBK _2ddc |
||
| 999 |
_c565155 _d565155 |
||